000 00456nam a2200145Ia 4500
008 210716s2018 xx 000 0 und d
020 _a9780070499331
041 _aeng
082 _a658.7 BURD
100 _aBurt, David N; Dobler, Donald W; Starling, Stephen L.
245 _aWorld class supply management: the key to supply chain management.
250 _a7
260 _aNew Delhi
_bTata McGraw Hill Publishing Company Ltd
_c2018
300 _axlvi,689
999 _c211086
_d211086